Slovenský denník orgán Slovenskej národnej rady
| Other Authors: | , , , , |
|---|---|
| Format: | Newspaper |
| Language: | Slovak |
| PhysicalDescription: | 21 zv. 42 cm |
| Published: |
Bratislava
[s.n.]
1918-1938
Bratislava František Votruba Bratislava Čs. podniky tiskarské a vydavateľské Bratislava Českomor. podniky tiskarské a vydavateľské Bratislava Novina, tlačiarske a vydavateľské podniky |
| ISSN: | 1337-8147 |
| Subjects: |
MARC
| LEADER | 00000cas a2200000 a 4500 | ||
|---|---|---|---|
| 001 | vtls010298548 | ||
| 003 | SK-MaSNL | ||
| 005 | 20260228163425.0 | ||
| 008 | 200401d19181938xo dr|ne 0 b0slo | ||
| 022 | |a 1337-8147 | ||
| 040 | |a SNK |b slo |c SNK |e AACR2 | ||
| 041 | 0 | |a slo | |
| 044 | |a xo |c SK | ||
| 072 | 7 | |a 32 |x Politika |2 konspekt | |
| 072 | 7 | |a 316 |x Sociológia |2 konspekt | |
| 080 | |a 32 |2 2011 | ||
| 080 | |a 316.728 |2 2011 | ||
| 080 | |a 050 |2 2001 | ||
| 080 | |a 329(051) |2 011 | ||
| 210 | 0 | |a Slov. denník | |
| 222 | 0 | |a Slovenský denník | |
| 245 | 0 | 0 | |a Slovenský denník |b orgán Slovenskej národnej rady |
| 246 | 1 | 3 | |a Slovenský deník |f 1932-1938 |
| 260 | |a Bratislava |b [s.n.] |c 1918-1938 | ||
| 260 | 2 | |3 99/1920-1922 |a Bratislava |b František Votruba | |
| 260 | 2 | |3 1923-1929 |a Bratislava |b Čs. podniky tiskarské a vydavateľské | |
| 260 | 2 | |3 1930-239/1930 |a Bratislava |b Českomor. podniky tiskarské a vydavateľské | |
| 260 | 3 | |3 240/1930-1938 |a Bratislava |b Novina, tlačiarske a vydavateľské podniky | |
| 300 | |a 21 zv. |c 42 cm | ||
| 310 | |a Denne okrem pondelka | ||
| 362 | 0 | |a Roč. I, č. 1 (9.11.1918)-roč. XXI, č. 302 (31.12.1938) | |
| 500 | |a Hlav. red.: 1/1920-98/1920, Karol Hušek ; od 99/1920-123/1922, Bohdan Pavlů ; 124/1922-302/1938, Karol Hušek | ||
| 500 | |a Od. r. 1919 bez podnázvu | ||
| 500 | |a Zodp. red.: 138/1919-98/1920, František Votruba ; 99/1920-162/1923 Karol Hušek ; 163/1923-43/1924, Svetozár Kresák ; 44/1924-124/1924, Ján Hrušovský ; 125/1924-302/1938, Svetozár Kresák | ||
| 515 | |a Niektoré čísla obsahujú za číslicou aj písmeno a | ||
| 525 | |a Má prílohu: Zábavná príloha ; Kultúrna príloha ; Hospodárska besiedka ; Novoročná príloha ; Veľkonočná príloha | ||
| 650 | 0 | 7 | |a politika |2 SNKPH |9 968 |
| 650 | 0 | 7 | |a spoločenský život |2 SNKPH |9 28654 |
| 655 | 7 | |a časopisy politických strán a hnutí |2 SNKPH |9 237919 | |
| 700 | 1 | |a Hušek, Karol, |d 1891-1972 |4 pbd |4 Iso |9 165504 | |
| 700 | 1 | |a Pavlů, Bohdan, |d 1883-1938 |4 pbd |9 40171 | |
| 700 | 1 | |a Votruba, František, |d 1880-1953 |4 Iso |9 106041 | |
| 700 | 1 | |a Kresák, Svetozár, |d 1893-1966 |4 Iso |9 222967 | |
| 700 | 1 | |a Hrušovský, Ján, |d 1892-1975 |4 Iso |9 123134 | |
| 910 | |a snk | ||
| 916 | |a 1918-1938 | ||
| 999 | |c 9397 |d 11327 | ||
| 952 | |0 0 |1 0 |4 0 |7 0 |a SNK |b SNK |d 1997-02-13 |f 1 |l 0 |o snkČSA 21/9/1926/2 |p 17A0037756 |r 2005-01-02 00:00:00 |t č. 77a-149a |w 2026-02-21 |y PREZ | ||
| 952 | |0 0 |1 0 |4 0 |7 0 |8 5 |a SNK |b SNK |d 2001-02-21 |i snkF 4126/78 |l 0 |o snkČSA 21/9/1926/2 D1 |p 17A0268028 |r 2005-01-02 00:00:00 |t č. 77a-148a |w 2026-02-21 |y PREZ | ||
| 952 | |0 0 |1 0 |4 0 |7 0 |a SNK |b SNK |d 1997-02-13 |f 2 |l 0 |o snkČSA 21/4/1921/2 |p 17A0037758 |r 2005-01-02 00:00:00 |t č. 73-150a, neúplné |w 2026-02-21 |y PREZ |z Chýba č. 73 ; Od č. 128 čísla označené aj písmenom a | ||
| 952 | |0 0 |1 0 |4 0 |7 0 |a SNK |b SNK |d 1997-02-12 |f 1 |l 0 |o snkČSA 21/4/1921/1 |p 17A0037831 |r 2005-01-02 00:00:00 |t č. 1-72 |w 2026-02-21 |y PREZ | ||
| 952 | |0 0 |1 0 |3 - uložené v doskách ; - silno poškodené |4 0 |7 0 |a SNK |b SNK |d 1997-12-10 |l 0 |o snkČSA 21/4/1921/1 D1 |p 17A0114959 |r 2005-01-02 00:00:00 |t č. 1-73 |w 2026-02-21 |y PREZ | ||
| 952 | |0 0 |1 0 |4 0 |7 0 |a SNK |b SNK |d 1997-02-12 |f 1 |l 0 |o snkČSA 21/3/1920/1 |p 17A0037804 |r 2005-01-02 00:00:00 |t č. 1-144 |w 2026-02-21 |y PREZ | ||
| 952 | |0 0 |1 0 |4 0 |7 0 |a SNK |b SNK |d 1997-02-12 |f 1 |l 0 |o snkČSA 21/19/1936/1 |p 17A0035171 |r 2005-01-02 00:00:00 |t č. 1-76 |w 2026-02-21 |y PREZ | ||
| 952 | |0 0 |1 0 |4 0 |7 0 |a SNK |b SNK |d 1997-02-12 |f 1 |l 0 |o snkČSA 21/9/1926/1 |p 17A0037803 |r 2005-01-02 00:00:00 |t č. 1a-75a |w 2026-02-21 |y PREZ | ||
| 952 | |0 0 |1 0 |4 0 |7 0 |a SNK |b SNK |d 1997-02-12 |f 1 |l 0 |o snkČSA 21/19/1936/2 |p 17A0037802 |r 2005-01-02 00:00:00 |t č. 77-148 |w 2026-02-21 |y PREZ | ||
| 952 | |0 0 |1 0 |4 0 |7 0 |a SNK |b SNK |d 1997-04-17 |l 0 |o snkČSA 21/17/1934/2 D1 |p 17A0061348 |r 2005-01-02 00:00:00 |w 2026-02-21 |y PREZ | ||
| 952 | |0 0 |1 0 |4 0 |7 0 |a SNK |b SNK |d 1997-02-26 |f 2 |l 0 |o snkČSA 21/17/1934/4 |p 17A0040631 |r 2005-01-02 00:00:00 |t č. 223-296 |w 2026-02-21 |y PREZ | ||
| 952 | |0 0 |1 0 |4 0 |7 0 |a SNK |b SNK |d 1997-02-26 |f 1 |l 0 |o snkČSA 21/18/1935/2 |p 17A0040470 |r 2005-01-02 00:00:00 |t č. 78-149 |w 2026-02-21 |y PREZ | ||
| 952 | |0 0 |1 0 |4 0 |7 0 |8 0 |a SNK |b SNK |d 1997-02-27 |f 1 |i snk 4353/28 |l 0 |o snkČSA 21/1/1918 |p 17A0040905 |r 2005-01-02 00:00:00 |t č. 1-41 |w 2026-02-21 |y PREZ | ||
| 952 | |0 0 |1 1 |4 0 |7 0 |a SNK |b SNK |d 2001-02-09 |l 0 |o snkČSA 21/1/1918 D1 |p 17A0152449 |r 2005-01-02 00:00:00 |t č. 1-41, neúplné |w 2026-02-21 |y PREZ |z Chýba č. 26, 33-35, 37-39 | ||
| 952 | |0 0 |1 0 |4 0 |7 0 |a SNK |b SNK |d 1997-03-10 |f 1 |i snk 854/39 |l 0 |o snkČSA 21/21/1938/3 |p 17A0053611 |r 2005-01-02 00:00:00 |t č. 150-226 |w 2026-02-21 |y PREZ | ||
| 952 | |0 0 |1 0 |4 0 |7 0 |a SNK |b SNK |d 1997-03-10 |f 1 |l 0 |o snkČSA 21/9/1926/3 |p 17A0053593 |r 2005-01-02 00:00:00 |t č. 150a-224a, neúplné |w 2026-02-21 |y PREZ |z chýba č. 150a | ||
| 952 | |0 0 |1 0 |4 0 |7 0 |a SNK |b SNK |d 2001-05-28 |l 0 |o snkČSA 21/9/1926/3 D1 |p 17A0301699 |r 2005-01-02 00:00:00 |t č. 149a-195a |w 2026-02-21 |y PREZ | ||
| 952 | |0 0 |1 0 |4 0 |7 0 |a SNK |b SNK |d 1997-03-10 |f 1 |l 0 |o snkČSA 21/12/1929/4 |p 17A0053592 |r 2005-01-02 00:00:00 |t č. 225a-297 |w 2026-02-21 |y PREZ | ||
| 952 | |0 0 |1 0 |4 0 |7 0 |a SNK |b SNK |d 1997-03-04 |f 1 |l 0 |o snkČSA 21/14/1931/4 |p 17A0051936 |r 2005-01-02 00:00:00 |t č. 225-299 |w 2026-02-21 |y PREZ | ||
| 952 | |0 0 |1 0 |4 0 |7 0 |a SNK |b SNK |d 1997-03-04 |f 1 |i snk124/32 |l 0 |o snkČSA 21/14/1931/1 |p 17A0051935 |r 2005-01-02 00:00:00 |t č. 1-75 |w 2026-02-21 |y PREZ | ||
| 952 | |0 0 |1 0 |4 0 |7 0 |a SNK |b SNK |d 1997-03-04 |f 1 |l 0 |o snkČSA 21/14/1931/2 |p 17A0051934 |r 2005-01-02 00:00:00 |t č. 76-147 |w 2026-02-21 |y PREZ | ||
| 952 | |0 0 |1 0 |4 0 |7 0 |a SNK |b SNK |d 1997-03-07 |f 1 |l 0 |o snkČSA 21/20/1937/2 |p 17A0053734 |r 2005-01-02 00:00:00 |t č. 75-149 |w 2026-02-21 |y PREZ | ||
| 952 | |0 0 |1 0 |4 0 |7 0 |a SNK |b SNK |d 1997-03-03 |f 1 |l 0 |o snkČSA 21/16/1933/4 |p 17A0051058 |r 2005-01-02 00:00:00 |t č. 223-297 |w 2026-02-21 |y PREZ | ||
| 952 | |0 0 |1 0 |4 0 |7 0 |a SNK |b SNK |d 1997-03-13 |f 1 |l 0 |o snkČSA 21/15/1932/4 |p 17A0056471 |r 2005-01-02 00:00:00 |t č. 225-299 |w 2026-02-21 |y PREZ | ||
| 952 | |0 0 |1 0 |4 0 |7 0 |a SNK |b SNK |d 1997-03-18 |f 1 |l 0 |o snkČSA 21/8/1925/4 |p 17A0056266 |r 2005-01-02 00:00:00 |w 2026-02-21 |y PREZ | ||
| 952 | |0 0 |1 0 |4 0 |7 0 |a SNK |b SNK |d 1997-04-07 |f 1 |l 0 |o snkČSA 21/15/1932/2 |p 17A0059458 |r 2005-01-02 00:00:00 |t č. 76-149 |w 2026-02-21 |y PREZ | ||
| 952 | |0 0 |1 0 |4 0 |7 0 |a SNK |b SNK |d 1997-04-02 |f 1 |l 0 |o snkČSA 21/6/1923/4 |p 17A0058075 |r 2005-01-02 00:00:00 |t č. 224a-297a |w 2026-02-21 |y PREZ |z čísla označené aj písmenom a | ||
| 952 | |0 0 |1 0 |4 0 |7 0 |a SNK |b SNK |d 1997-04-14 |f 1 |l 0 |o snkČSA 21/15/1932/3 |p 17A0058580 |r 2005-01-02 00:00:00 |t č. 150-224 |w 2026-02-21 |y PREZ | ||
| 952 | |0 0 |1 0 |4 0 |7 0 |8 5 |a SNK |b SNK |d 1997-04-14 |f 1 |i snkF 4422/82 |l 0 |o snkČSA 21/13/1930/5 |p 17A0056925 |r 2005-01-02 00:00:00 |t č. 101-125 |w 2026-02-21 |y PREZ |z Exemplár je xerokópia formátu B | ||
| 952 | |0 0 |1 0 |4 0 |7 0 |a SNK |b SNK |d 1997-04-11 |f 2 |i snk 4352/28 |l 0 |o snkČSA 21/2/1919/1 |p 17A0058861 |r 2005-01-02 00:00:00 |t č. 1-140 |w 2026-02-21 |y PREZ | ||
| 952 | |0 0 |1 0 |3 - uložené v doskách ; - značne poškodené |4 0 |7 0 |8 5 |a SNK |b SNK |d 2001-03-13 |i snkF 5818/78 |l 0 |o snkČSA 21/2/1919/1 D1 |p 17A0293080 |r 2005-01-02 00:00:00 |t č. 1-63, neúplné |w 2026-02-21 |y PREZ |z Chýba č. 1, 2, 4-6, 10, 15-17, 19 | ||
| 952 | |0 0 |1 0 |4 0 |7 0 |8 0 |a SNK |b SNK |d 1997-04-11 |f 2 |i snk 4354/28 |l 0 |o snkČSA 21/2/1919/2 |p 17A0058860 |r 2005-01-02 00:00:00 |t č. 141-283, neúplné |w 2026-02-21 |y PREZ |z Chýba č. 141-163, 165-177,180,187, 189,192,205,221,240 | ||
| 952 | |0 0 |1 0 |4 0 |7 0 |a SNK |b SNK |d 1997-04-23 |f 1 |l 0 |o snkČSA 21/19/1936/4 |p 17A0062049 |r 2005-01-02 00:00:00 |t č. 225-299 |w 2026-02-21 |y PREZ | ||
| 952 | |0 0 |1 0 |4 0 |7 0 |8 5 |a SNK |b SNK |d 1999-10-26 |i snkF 859/90 |l 0 |o snkČSA 21/6/1923/1 D1 |p 17A0215729 |r 2005-01-02 00:00:00 |w 2026-02-21 |y PREZ | ||
| 952 | |0 0 |1 0 |4 0 |7 0 |8 5 |a SNK |b SNK |d 2010-03-30 |i snkXI. 388/55 |l 0 |o snkČSA 21/18/1935/1 D1 |p 17A0652977 |r 2026-02-21 19:32:10 |t č. 1-149 |w 2026-02-21 |y PREZ | ||
| 952 | |0 0 |1 0 |4 0 |7 0 |8 5 |a SNK |b SNK |d 2010-03-30 |i snkČSF 1055/58 |l 0 |o snkČSA 21/21/1938/1 D1 |p 17A0652891 |r 2026-02-21 19:32:10 |t č. 1-149 |w 2026-02-21 |y PREZ | ||
| 952 | |0 0 |1 0 |4 0 |7 0 |8 5 |a SNK |b SNK |d 2010-03-30 |i snkČSF 1053/58 |l 0 |o snkČSA 21/20/1937/2 D1 |p 17A0652890 |r 2026-02-21 19:32:10 |t č. 148-298 |w 2026-02-21 |y PREZ | ||
| 952 | |0 0 |1 0 |4 0 |7 0 |8 4 |a SNK |b SNK |d 2010-03-30 |i snkČSF 1054/58 |l 0 |o snkČSA 21/20/1937/1 D1 |p 17A0652889 |r 2026-02-21 19:32:10 |t č. 1-147 |w 2026-02-21 |y PREZ | ||
| 952 | |0 0 |1 0 |4 0 |7 0 |a SNK |b SNK |d 1997-05-07 |f 1 |l 0 |o snkČSA 21/5/1922/1 |p 17A0654142 |r 2005-01-02 00:00:00 |t č. 1a-74a |w 2026-02-21 |y PREZ |z čísla označené aj písmenom a | ||
| 952 | |0 0 |1 0 |4 0 |7 0 |a SNK |b SNK |d 1997-05-09 |f 1 |i snk 853/39 |l 0 |o snkČSA 21/21/1938/1 |p 17A0065345 |r 2005-01-02 00:00:00 |t č. 1-76 |w 2026-02-21 |y PREZ | ||
| 952 | |0 0 |1 0 |4 0 |7 0 |a SNK |b SNK |d 1997-05-09 |f 1 |i snk4360/28 |l 0 |o snkČSA 21/6/1923/1 |p 17A0065344 |r 2005-01-02 00:00:00 |t č. 1a-74a |w 2026-02-21 |y PREZ |z čísla sú označené aj číslom a | ||
| 952 | |0 0 |1 0 |4 0 |7 0 |a SNK |b SNK |d 1997-05-12 |f 1 |l 0 |o snkČSA 21/18/1935/3 |p 17A0064949 |r 2005-01-02 00:00:00 |t č. 150-224 |w 2026-02-21 |y PREZ | ||
| 952 | |0 0 |1 0 |4 0 |7 0 |a SNK |b SNK |d 1997-05-27 |f 1 |l 0 |o snkČSA 21/5/1922/3 |p 17A0068444 |r 2005-01-02 00:00:00 |t č. 151a-221a |w 2026-02-21 |y PREZ |z Za číslom je písmeno a | ||
| 952 | |0 0 |1 0 |4 0 |7 0 |a SNK |b SNK |d 1997-05-29 |f 1 |l 0 |o snkČSA 21/3/1920/2 |p 17A0067896 |r 2005-01-02 00:00:00 |t č. 145-296 |w 2026-02-21 |y PREZ | ||
| 952 | |0 0 |1 0 |4 0 |7 0 |a SNK |b SNK |d 1997-05-29 |f 1 |l 0 |o snkČSA 21/21/1938/4 |p 17A0067913 |r 2005-01-02 00:00:00 |t č. 227-302 |w 2026-02-21 |y PREZ | ||
| 952 | |0 0 |1 0 |4 0 |7 0 |a SNK |b SNK |d 1997-05-30 |f 1 |l 0 |o snkČSA 21/4/1921/3 |p 17A0067925 |r 2005-01-02 00:00:00 |t č. 151a-222a |w 2026-02-21 |y PREZ |z čísla označené aj písmenom | ||
| 952 | |0 0 |1 0 |4 0 |7 0 |a SNK |b SNK |d 1997-06-06 |f 1 |l 0 |o snkČSA 21/15/1932/1 |p 17A0070889 |r 2005-01-02 00:00:00 |t č. 1-75 |w 2026-02-21 |y PREZ | ||
| 952 | |0 0 |1 0 |4 0 |7 0 |8 5 |a SNK |b SNK |d 2000-03-03 |f 1 |i snkF 4397/82 |l 0 |o snkČSA 21/13/1930/2 |p 17A0227562 |r 2005-01-02 00:00:00 |t č. 26-49 |w 2026-02-21 |y PREZ |z Exemplár je xerokópia formátu B | ||
| 952 | |0 0 |1 0 |3 rekatalogizácia |4 0 |7 0 |a SNK |b SNK |d 2006-04-06 |i snkXI. 387/55 |l 0 |o snkČSA 21/17/1934/1 D1 |p 17A0504183 |r 2026-02-21 19:52:01 |t č. 1-147 |w 2026-02-21 |y PREZ | ||
| 952 | |0 0 |1 0 |3 rekatalogizácia ; Poškodená väzba -- Poškodená väzba |4 0 |7 0 |a SNK |b SNK |d 2006-04-06 |i snkF 3727/79 |l 0 |o snkČSA 21/16/1933/1 D1 |p 17A0504177 |r 2026-02-21 19:52:03 |t č. 1-76 |w 2026-02-21 |y PREZ | ||
| 952 | |0 0 |1 0 |3 rekatalogizácia |4 0 |7 0 |a SNK |b SNK |d 2006-04-06 |i snkČSF 1048/58 |l 0 |o snkČSA 21/16/1933/2 D1 |p 17A0504250 |r 2026-02-21 19:52:03 |t č. 148-297 |w 2026-02-21 |y PREZ | ||
| 952 | |0 0 |1 0 |4 0 |7 0 |a SNK |b SNK |d 2024-03-20 |i snkXI. 389/55 |l 0 |o snkČSA 21/21/1938/2 D1 |p 17A1317230 |r 2026-02-21 19:57:55 |t č. 150-302 |w 2026-02-21 |y PREZ | ||
| 952 | |0 0 |1 0 |4 0 |7 0 |a SNK |b SNK |d 1997-03-04 |f 1 |l 0 |o snkČSA 21/14/1931/3 |p 17A0051937 |r 2005-01-02 00:00:00 |t č. 148-224 |w 2026-02-21 |y PREZ | ||
| 952 | |0 0 |1 0 |4 0 |7 0 |a SNK |b SNK |d 1997-03-13 |f 1 |l 0 |o snkČSA 21/11/1928/2 |p 17A0056490 |r 2005-01-02 00:00:00 |t č. 78a-150a |w 2026-02-21 |y PREZ | ||
| 952 | |0 0 |1 0 |4 0 |7 0 |8 5 |a SNK |b SNK |d 1999-07-09 |i snkF 858/90 |l 0 |o snkČSA 21/5/1922/1 D1 |p 17A0199232 |r 2005-01-02 00:00:00 |w 2026-02-21 |y PREZ |z Obsajuje č. 23, 24, 48, 50, 51, 52, 60 | ||
| 952 | |0 0 |1 0 |4 0 |7 0 |a SNK |b SNK |d 1997-09-05 |f 1 |l 0 |o snkČSA 21/8/1925/2 |p 17A0091001 |r 2005-01-02 00:00:00 |t č. 74a-150 |w 2026-02-21 |y PREZ | ||
| 952 | |0 0 |1 0 |4 0 |7 0 |a SNK |b SNK |d 1998-03-30 |f 1 |i snk63/31 |l 0 |o snkČSA 21/13/1930/7 |p 17A0132210 |r 2005-01-02 00:00:00 |t č. 151-224 |w 2026-02-21 |y PREZ | ||
| 952 | |0 0 |1 0 |4 0 |7 0 |8 5 |a SNK |b SNK |d 2000-03-07 |i snkF 5809/78 |l 0 |o snkČSA 21/15/1932/2 D1 |p 17A0227023 |r 2005-01-02 00:00:00 |t č. 150-299 |w 2026-02-21 |y PREZ | ||
| 952 | |0 0 |1 0 |4 0 |7 0 |a SNK |b SNK |d 1997-07-09 |f 1 |l 0 |o snkČSA 21/9/1926/4 |p 17A0079640 |r 2005-01-02 00:00:00 |t č. 225a-299a |w 2026-02-21 |y PREZ | ||
| 952 | |0 0 |1 0 |4 0 |7 0 |8 5 |a SNK |b SNK |d 2007-05-14 |i snkF 4127/78 |l 0 |o snkČSA 21/9/1926/1 D1 |p 17A0654158 |r 2026-02-21 20:20:05 |t č. 1a-75a |w 2026-02-21 |y PREZ | ||
| 952 | |0 0 |1 0 |4 0 |7 0 |a SNK |b SNK |d 1997-07-09 |f 2 |l 0 |o snkČSA 21/6/1923/2 |p 17A0056473 |r 2005-01-02 00:00:00 |t č. 75a-150a, neúplné |w 2026-02-21 |y PREZ |z Chýba č. 149a-150a ; Číslo je označené aj písmenom a | ||
| 952 | |0 0 |1 0 |4 0 |7 0 |a SNK |b SNK |d 1997-07-09 |f 1 |l 0 |o snkČSA 21/8/1925/1 |p 17A0079667 |r 2005-01-02 00:00:00 |t č. 1-73a |w 2026-02-21 |y PREZ | ||
| 952 | |0 0 |1 0 |4 0 |7 0 |a SNK |b SNK |d 1997-08-05 |f 1 |i snk3628/34 |l 0 |o snkČSA 21/16/1933/1 |p 17A0087474 |r 2005-01-02 00:00:00 |t č. 1-76 |w 2026-02-21 |y PREZ | ||
| 952 | |0 0 |1 0 |4 0 |7 0 |8 5 |a SNK |b SNK |d 1997-09-08 |i snkF 4122/78 |l 0 |o snkČSA 21/8/1925/2 D1 |p 17A0093560 |r 2005-01-02 00:00:00 |t č. 101a-144a |w 2026-02-21 |y PREZ | ||
| 952 | |0 0 |1 0 |4 0 |7 0 |a SNK |b SNK |d 1997-10-02 |f 1 |l 0 |o snkČSA 21/5/1922/2 |p 17A0512872 |r 2005-01-02 00:00:00 |t č. 75a-150a |w 2026-02-21 |y PREZ |z čísla označené aj písmenom a | ||
| 952 | |0 0 |1 0 |4 0 |7 0 |a SNK |b SNK |d 1997-10-02 |f 1 |l 0 |o snkČSA 21/10/1927/3 |p 17A0101663 |r 2005-01-02 00:00:00 |t č. 151a-222a |w 2026-02-21 |y PREZ | ||
| 952 | |0 0 |1 0 |4 0 |7 0 |a SNK |b SNK |d 1997-09-26 |f 1 |l 0 |o snkČSA 21/11/1928/4 |p 17A0097828 |r 2005-01-02 00:00:00 |t č. 225a-297a, neúplné |w 2026-02-21 |y PREZ |z Chýba č. 248, 258, 272, 281, 288, 294 | ||
| 952 | |0 0 |1 0 |4 0 |7 0 |8 3 |a SNK |b SNK |d 1999-07-09 |i snkK 60/88 |l 0 |o snkČSA 21/11/1928/4 D1 |p 17A0199083 |r 2005-01-02 00:00:00 |w 2026-02-21 |y PREZ |z Obsahuje: č. 225a | ||
| 952 | |0 0 |1 0 |4 0 |7 0 |a SNK |b SNK |d 1997-09-26 |f 1 |l 0 |o snkČSA 21/11/1928/3 |p 17A0093687 |r 2005-01-02 00:00:00 |t č. 151a-224a, neúplné |w 2026-02-21 |y PREZ |z chýba č. 171, 175, 177a č. 197 | ||
| 952 | |0 0 |1 0 |4 0 |7 0 |a SNK |b SNK |d 1997-10-10 |f 1 |l 0 |o snkČSA 21/13/1930/8 |p 17A0102939 |r 2005-01-02 00:00:00 |t č. 226-299 |w 2026-02-21 |y PREZ | ||
| 952 | |0 0 |1 0 |4 0 |7 0 |a SNK |b SNK |d 1997-10-20 |f 1 |l 0 |o snkČSA 21/7/1924/4 |p 17A0104082 |r 2005-01-02 00:00:00 |t č. 225a-284a |w 2026-02-21 |y PREZ |z Čísla obsahujú aj písmeno a | ||
| 952 | |0 0 |1 0 |4 0 |7 0 |a SNK |b SNK |d 1997-10-28 |f 1 |l 0 |o snkČSA 21/19/1936/3 |p 17A0105419 |r 2005-01-02 00:00:00 |t č. 149-224 |w 2026-02-21 |y PREZ | ||
| 952 | |0 0 |1 0 |4 0 |7 0 |a SNK |b SNK |d 1997-10-25 |f 1 |i snk133/30 |l 0 |o snkČSA 21/12/1929/3 |p 17A0101050 |r 2005-01-02 00:00:00 |t č. 150a-224 |w 2026-02-21 |y PREZ | ||
| 952 | |0 0 |1 0 |4 0 |7 0 |a SNK |b SNK |d 1997-10-25 |f 1 |l 0 |o snkČSA 21/12/1929/2 |p 17A0101062 |r 2005-01-02 00:00:00 |t č. 78a-149a |w 2026-02-21 |y PREZ | ||
| 952 | |0 0 |1 0 |4 0 |7 0 |a SNK |b SNK |d 1997-10-25 |f 1 |i snk 134/30 |l 0 |o snkČSA 21/12/1929/1 |p 17A0101061 |r 2005-01-02 00:00:00 |t č. 1-77 |w 2026-02-21 |y PREZ | ||
| 952 | |0 0 |1 0 |4 0 |7 0 |a SNK |b SNK |d 1997-11-03 |f 1 |l 0 |o snkČSA 21/10/1927/4 |p 17A0106723 |r 2005-01-02 00:00:00 |t č. 223a-297a |w 2026-02-21 |y PREZ | ||
| 952 | |0 0 |1 0 |4 0 |7 0 |8 5 |a SNK |b SNK |d 2000-11-02 |i snkF 4128/? |l 0 |o snkČSA 21/14/1931/2 D1 |p 17A0255455 |r 2005-01-02 00:00:00 |t č. 149-299 |w 2026-02-21 |y PREZ | ||
| 952 | |0 0 |1 0 |4 0 |7 0 |a SNK |b SNK |d 1998-03-07 |f 2 |l 0 |o snkČSA 21/11/1928/1 |p 17A0056474 |r 2005-01-02 00:00:00 |t č. 1-77a |w 2026-02-21 |y PREZ | ||
| 952 | |0 0 |1 0 |4 0 |7 0 |a SNK |b SNK |d 1998-03-09 |f 1 |l 0 |o snkČSA 21/7/1924/2 |p 17A0127783 |r 2005-01-02 00:00:00 |t č. 76a-150a |w 2026-02-21 |y PREZ | ||
| 952 | |0 0 |1 0 |4 0 |7 0 |a SNK |b SNK |d 1998-03-11 |f 1 |l 0 |o snkČSA 21/21/1938/2 |p 17A0127349 |r 2005-01-02 00:00:00 |t č. 77-149 |w 2026-02-21 |y PREZ | ||
| 952 | |0 0 |1 0 |4 0 |7 0 |8 5 |a SNK |b SNK |d 1998-03-20 |f 1 |i snkF 4401/82 |l 0 |o snkČSA 21/13/1930/6 |p 17A0129990 |r 2005-01-02 00:00:00 |t č. 126-148 |w 2026-02-21 |y PREZ | ||
| 952 | |0 0 |1 0 |4 0 |7 0 |a SNK |b SNK |d 1998-03-30 |f 1 |l 0 |o snkČSA 21/20/1937/4 |p 17A0132207 |r 2005-01-02 00:00:00 |t č. 224-298 |w 2026-02-21 |y PREZ | ||
| 952 | |0 0 |1 0 |3 časopis je ""krehký"", zvetralý |4 0 |7 0 |8 5 |a SNK |b SNK |d 1998-04-29 |i snkF 5813/78 |l 0 |o snkČSA 21/13/1930 D2 |p 17A0132055 |r 2005-01-02 00:00:00 |w 2026-02-21 |y PREZ |z Obsahuje: č. 16, 18, 20, 22, 36 neúplné, 51, 55, 128, 155, 158, 161, 166, 253, 270, ; časopis je ""krehký"", zvetralý | ||
| 952 | |0 0 |1 0 |4 0 |7 0 |a SNK |b SNK |d 1998-05-19 |f 1 |l 0 |o snkČSA 21/5/1922/4 |p 17A0140337 |r 2005-01-02 00:00:00 |t č. 222a-295a |w 2026-02-21 |y PREZ | ||
| 952 | |0 0 |1 0 |4 0 |7 0 |a SNK |b SNK |d 1998-05-28 |f 1 |i snk4362/28 |l 0 |o snkČSA 21/7/1924/1 |p 17A0142008 |r 2005-01-02 00:00:00 |t č. 1a-75a |w 2026-02-21 |y PREZ |z Čísla označené aj písmenom a | ||
| 952 | |0 0 |1 0 |4 0 |7 0 |a SNK |b SNK |d 1998-06-22 |f 1 |l 0 |o snkČSA 21/7/1924/3 |p 17A0137116 |r 2005-01-02 00:00:00 |t č. 151a-224a |w 2026-02-21 |y PREZ |z Čísla označené aj písmenom a | ||
| 952 | |0 0 |1 0 |4 0 |7 0 |a SNK |b SNK |d 1998-07-07 |f 2 |l 0 |o snkČSA 21/6/1923/3 |p 17A0148443 |r 2005-01-02 00:00:00 |t č. 151a- 222a, neúplné |w 2026-02-21 |y PREZ |z Chýba č. 223a | ||
| 952 | |0 0 |1 0 |4 0 |7 0 |8 5 |a SNK |b SNK |d 1998-08-13 |i snkF 857/90 |l 0 |o snkČSA 21/3/1920 D1 |p 17A0156140 |r 2005-01-02 00:00:00 |t č. 1-87, neúplné |w 2026-02-21 |y PREZ |z Chýba č. 1-3, 5-9, 11, 12, 14, 15, 17-20, 22,24, 25, 27, 28, 30, 31, 34-36, 38, 39, 41, 45-54, 57-60, 62-66, 69-77, 79-81, 83-86 | ||
| 952 | |0 0 |1 0 |4 0 |7 0 |8 5 |a SNK |b SNK |d 2009-01-10 |i snkF 5812/78 |l 0 |o snkČSA 21/19/1931/1 D1 |p 17A0606635 |r 2026-02-21 21:23:19 |t č. 1-75 |w 2026-02-21 |y PREZ | ||
| 952 | |0 0 |1 0 |4 0 |7 0 |a SNK |b SNK |d 1997-07-03 |f 1 |l 0 |o snkČSA 21/8/1925/3 |p 17A0077162 |r 2005-01-02 00:00:00 |t č. 151-220a |w 2026-02-21 |y PREZ |z Niektoré čísla obsahujú aj písmeno a | ||
| 952 | |0 0 |1 0 |4 0 |7 0 |8 5 |a SNK |b SNK |d 1997-01-08 |f 1 |i snkF 4398/82 |l 0 |o snkČSA 21/13/1930/1 |p 17A0030295 |r 2005-01-01 00:00:00 |t č. 1-25 |w 2026-02-21 |y PREZ |z Exemplár je xerokópia formátu B | ||
| 952 | |0 0 |1 0 |4 0 |7 0 |8 5 |a SNK |b SNK |d 2009-02-07 |i snkF 5811/78 |l 0 |o snkČSA 21/7/1924/1 D1 |p 17A0611348 |r 2026-02-21 21:30:18 |t č. 1a-147a |w 2026-02-21 |y PREZ | ||
| 952 | |0 0 |1 0 |4 0 |7 0 |a SNK |b SNK |d 1996-12-09 |f 1 |l 0 |o snkČSA 21/10/1927/1 |p 17A0026084 |r 2005-01-01 00:00:00 |t č. 1-75a, neúplné |w 2026-02-21 |y PREZ |z chýba č. 1 | ||
| 952 | |0 0 |1 0 |4 0 |7 0 |8 5 |a SNK |b SNK |d 2001-03-01 |i snkF 5814/73 |l 0 |o snkČSA 21/10/1927 D1 |p 17A0267314 |r 2005-01-01 00:00:00 |t len č. 1a, 4a, 36a |w 2026-02-21 |y PREZ | ||
| 952 | |0 0 |1 0 |4 0 |7 0 |a SNK |b SNK |d 1996-12-09 |f 1 |l 0 |o snkČSA 21/10/1927/2 |p 17A0026083 |r 2005-01-01 00:00:00 |t č. 76a-150a |w 2026-02-21 |y PREZ | ||
| 952 | |0 0 |1 0 |4 0 |7 0 |a SNK |b SNK |d 1997-01-09 |f 1 |l 0 |o snkČSA 21/16/1933/2 |p 17A0030307 |r 2005-01-01 00:00:00 |t č. 77-149 |w 2026-02-21 |y PREZ | ||
| 952 | |0 0 |1 0 |4 0 |7 0 |a SNK |b SNK |d 1997-01-09 |f 1 |l 0 |o snkČSA 21/20/1937/3 |p 17A0030107 |r 2005-01-01 00:00:00 |t č. 150-223 |w 2026-02-21 |y PREZ | ||
| 952 | |0 0 |1 0 |4 0 |7 0 |a SNK |b SNK |d 1997-02-07 |f 1 |l 0 |o snkČSA 21/20/1937/1 |p 17A0035170 |r 2005-01-02 00:00:00 |t č. 1-74 |w 2026-02-21 |y PREZ | ||
| 952 | |0 0 |1 0 |4 0 |7 0 |8 11 |a SNK |b SNK |d 1997-02-07 |f 1 |i snk 2016/36 |l 0 |o snkČSA 21/18/1935/1 |p 17A0035167 |r 2005-01-02 00:00:00 |t č. 1-77 |w 2026-02-21 |y PREZ | ||
| 952 | |0 0 |1 0 |4 0 |7 0 |a SNK |b SNK |d 1997-02-07 |f 1 |l 0 |o snkČSA 21/17/1934/1 |p 17A0035172 |r 2005-01-02 00:00:00 |t č. 1-75 |w 2026-02-21 |y PREZ | ||
| 952 | |0 0 |1 0 |4 0 |7 0 |a SNK |b SNK |d 1999-05-14 |f 1 |l 0 |o snkČSA 21/4/1921/4 |p 17A0193380 |r 2005-01-02 00:00:00 |t č. 223a-291a |w 2026-02-21 |y PREZ |z čísla označené aj písmenom a | ||
| 952 | |0 0 |1 0 |4 0 |7 0 |8 5 |a SNK |b SNK |d 1999-06-04 |f 1 |i snkF 4400/82 |l 0 |o snkČSA 21/13/1930/3 |p 17A0195003 |r 2005-01-02 00:00:00 |t č. 50-75 |w 2026-02-21 |y PREZ |z Exemplár je xerokópia formátu B | ||
| 952 | |0 0 |1 0 |4 0 |7 0 |8 5 |a SNK |b SNK |d 1999-06-04 |f 1 |i snkF 4399/82 |l 0 |o snkČSA 21/13/1930/4 |p 17A0195100 |r 2005-01-02 00:00:00 |t č. 76-100 |w 2026-02-21 |y PREZ |z Exemplár je xerokópia formátu B | ||
| 952 | |0 0 |1 0 |4 0 |7 0 |a SNK |b SNK |d 1999-08-18 |f 1 |l 0 |o snkČSA 21/18/1935/4 |p 17A0206601 |r 2005-01-02 00:00:00 |t č. 225-299 |w 2026-02-21 |y PREZ | ||
| 952 | |0 0 |1 0 |4 0 |7 0 |a SNK |b SNK |d 2009-02-19 |l 0 |o snkČSA 21/8/1925/3 D1 |p 17A0611723 |r 2026-02-21 21:40:47 |t č. 145-194 |w 2026-02-21 |y PREZ | ||
| 952 | |0 0 |1 0 |4 0 |7 0 |8 5 |a SNK |b SNK |d 2009-02-19 |i snkF 5810/78 |l 0 |o snkČSA 21/8/1925/1a D1 |p 17A0611717 |r 2026-02-21 21:40:47 |t č. 74a-144a |w 2026-02-21 |y PREZ | ||
| 952 | |0 0 |1 0 |4 0 |7 0 |a SNK |b SNK |d 1999-02-19 |i snkČSF 1052/58 |l 0 |o snkČSA 21/19/1936/2 D1 |p 17A0180041 |r 2005-01-02 00:00:00 |t č. 149-299 |w 2026-02-21 |y PREZ | ||
| 952 | |0 0 |1 0 |4 0 |7 0 |a SNK |b SNK |d 1997-01-09 |f 1 |i snk3629/34 |l 0 |o snkČSA 21/16/1933/3 |p 17A0030289 |r 2005-01-01 00:00:00 |t č. 150-222 |w 2026-02-21 |y PREZ | ||
| 952 | |0 0 |1 0 |4 0 |7 0 |a SNK |b SNK |d 1997-02-26 |f 1 |l 0 |o snkČSA 21/17/1934/2 |p 17A0040630 |r 2005-01-02 00:00:00 |t č. 76-147 |w 2026-02-21 |y PREZ | ||
| 952 | |0 0 |1 0 |4 0 |7 0 |a SNK |b SNK |d 1997-04-17 |f 1 |l 0 |o snkČSA 21/17/1934/3 |p 17A0061363 |r 2005-01-02 00:00:00 |t č. 148-222 |w 2026-02-21 |y PREZ | ||
| 952 | |0 0 |1 0 |4 0 |7 0 |8 5 |a SNK |b SNK |d 2018-03-22 |i snkF 5805/78 |l 0 |o snkČSA 21/12/1929 D1 |p 17A1189602 |r 2026-02-21 21:57:01 |w 2026-02-21 |y PREZ |z Obsahuje: č. 1a, 5a, 37a, 93a, 168a, 171a, 187, 230a, 234a, 247a, 254, 284 | ||
| 952 | |0 0 |1 0 |4 0 |7 0 |8 5 |a SNK |b SNK |d 2019-05-02 |i snkF 5815/78 |l 0 |o snkČSA 21/7/1924/2 D1 |p 17A1202611 |r 2026-02-21 21:59:22 |t č. 149a-202a |w 2026-02-21 |y PREZ |z Obsahuje č. 149-284, 166-169, 181, 182, 184-187, 189, 190, 192-199, 202 | ||
| 952 | |0 0 |1 0 |4 0 |7 0 |8 5 |a SNK |b SNK |d 2019-05-02 |i snkF 5806/78 |l 0 |o snkČSA 21/8/1925/4 D1 |p 17A1202610 |r 2026-02-21 21:59:24 |t č. 221a-294a |w 2026-02-21 |y PREZ | ||
| 952 | |0 0 |1 1 |4 0 |7 0 |a SNK |b SNK |d 2019-04-29 |l 0 |o snkČSA 21/1/1918 D2 |p 17A1154752 |r 2026-02-21 21:59:32 |t č. 1-41, neúplné |w 2026-02-21 |y PREZ |z Chýba č. 1, 3, 4, 19-41 | ||
| 952 | |0 0 |1 0 |3 - uložené v doskách ; - značne poškodené |4 0 |7 0 |8 5 |a SNK |b SNK |d 2019-04-29 |i snkF 5808/78 |l 0 |o snkČSA 21/2/1919/2 D1 |p 17A1154751 |r 2026-02-21 21:59:35 |t č. 64-136, neúplné |w 2026-02-21 |y PREZ |z Chýba č. 83, 121, 136 | ||
| 952 | |0 0 |1 0 |3 - uložené v doskách ; - značne poškodené |4 0 |7 0 |8 5 |a SNK |b SNK |d 2019-04-29 |i snkF 5803/78 |l 0 |o snkČSA 21/2/1919/3 D1 |p 17A1154750 |r 2026-02-21 21:59:35 |t č. 137-211, neúplné |w 2026-02-21 |y PREZ |z Chýba č. 137, 146, 151, 152, 155-157, 162, 163, 168, 170-174, 176, 180, 182, 183, 185, 186, 189,-191, 193-195, 197, 202, 206, 208, 209 | ||
| 952 | |0 0 |1 0 |3 - uložené v doskách ; - značne poškodené |4 0 |7 0 |8 5 |a SNK |b SNK |d 2019-04-29 |i snkF 5804/78 |l 0 |o snkČSA 21/2/1919/4 D1 |p 17A1154749 |r 2026-02-21 21:59:35 |t č. 212-284, neúplné |w 2026-02-21 |y PREZ |z Chýba č. 215, 221, 225, 239, 245, 272-274 | ||
| 952 | |0 0 |1 0 |3 - uložené v doskách ; - silno poškodené |4 0 |7 0 |8 5 |a SNK |b SNK |d 2019-04-29 |i snkF 5807/7? |l 0 |o snkČSA 21/4/1921/2 D1 |p 17A1202614 |r 2026-02-21 21:59:39 |t č. 87-145a |w 2026-02-21 |y PREZ | ||
| 952 | |0 0 |1 0 |3 - uložené v doskách ; - silno poškodené |4 0 |7 0 |8 5 |a SNK |b SNK |d 2019-04-29 |i snkF 5817/78 |l 0 |o snkČSA 21/4/1921/3 D1 |p 17A1202613 |r 2026-02-21 21:59:39 |t č. 147a-222a, neúplné |w 2026-02-21 |y PREZ |z Chýba č. 148-150, 154, 155, 158, 162, 163, 166, 169, 173, 175, 179, 181, 184, 190, 200, 202, 203, 206, 217, 219, 220, 222 | ||
| 952 | |0 0 |1 0 |3 - uložené v doskách ; - silno poškodené |4 0 |7 0 |8 5 |a SNK |b SNK |d 2019-04-29 |i snkF 5816/78 |l 0 |o snkČSA 21/4/1921/4 D1 |p 17A1202612 |r 2026-02-21 21:59:39 |t č. 223a-291a, neúplné |w 2026-02-21 |y PREZ |z Chýba č. 226, 228-241, 243-247, 252, 253, 257, 258, 260, 261, 275, 276, 282, 283, 287 | ||
| 952 | |0 0 |1 0 |3 - uložené v doskách ; - značne poškodené |4 0 |7 0 |8 5 |a SNK |b SNK |d 2019-04-29 |i snkF 860/90 |l 0 |o snkČSA 21/6/1923/2 D1 |p 17A1154748 |r 2026-02-21 21:59:39 |w 2026-02-21 |y NEVYP |z Obsahuje č. 275, 276, 279-284, 286-293, 295, 296 | ||


